000 00328nam a22001337a 4500
008 170627b xxu||||| |||| 00| 0 eng d
020 _a9780521356633
041 _aeng
080 _a32
100 _a21
101 _ashp
245 _aHUMANITARIAN CHALLENGES AND INTERVENTION WORLD POLITICS
_cWEIS.TH.G
942 _2udc
_cBK
999 _c19114
_d19114